000
00260nam a2200097Ia 4500
008
230508s2006 xx 000 0 und d
041
_a
eng
100
_a
DUNNING GARY
245
_a
INTRODUCTION TO PROGRANNABLE LOGIC CONTROLLER
260
_b
CENGAGE LEARNING
_c
2006
999
_c
334004
_d
334004